书目信息 |
| 题名: |
|
|
| 作者: | ||
| 分册: | ||
| 出版信息: | z 000yy |
|
| 页数: | 新潮日本文学小辞典 | |
| 开本: | ||
| 丛书名: | ||
| 单 册: | ||
| 中图分类: | ||
| 科图分类: | ||
| 主题词: | Xin Chao Ri B | |
| 电子资源: | ||
| ISBN: | ||
| 000 | 00546nam0 2200193 45 | |
| 001 | 0504251048 | |
| 005 | 20050425152427.9 | |
| 010 | @b精装 | |
| 100 | @dCNY | |
| 101 | @a2005 | |
| 105 | @0425d1968 km y0 | |
| 200 | @chiy0120 ea | |
| 210 | @a z 000yy | |
| 215 | @a新潮日本文学小辞典 | |
| 606 | @AXin Chao Ri B | |
| 690 | @en Wen Xue X | |
| 701 | ia | @f( |
| 801 | ?伊 | @F(Ri)Yi Teng |
| 905 | @Zheng Deng Bian | |
| hiy0120 ea.- z 000yy |
| 新潮日本文学小辞典 |
| ISBN (精装): |
| ● |
| 相关链接 |
|
|
|
|
正题名:新潮日本文学小辞典
索取号:H366/133
 
预约/预借
| 序号 | 登录号 | 条形码 | 馆藏地/架位号 | 状态 | 备注 |
| 1 | 0048129 | 001302619 | 第二样本阅览室/ [索取号:H366/133] | 在馆 |